Pięć pierwszych alfabetycznie państw z każdego kontynentu - Statystyki

Ogólne statystyki
  • Ten quiz został rozwiązany 57 752 razy
  • Średni wynik to 16 z 30
Statystyki odpowiedzi
Kontynent Państwo % Poprawnych
Ameryka Południowa Argentyna
84%
Europa Andora
83%
Oceania Australia
82%
Europa Albania
77%
Ameryka Południowa Brazylia
74%
Europa Belgia
73%
Afryka Algieria
69%
Europa Austria
66%
Azja Armenia
65%
Ameryka Południowa Boliwia
65%
Ameryka Południowa Chile
65%
Afryka Angola
63%
Azja Afganistan
62%
Azja Azerbejdżan
61%
Europa Białoruś
60%
Ameryka Południowa Ekwador
51%
Azja Arabia Saudyjska
49%
Ameryka Północna Antigua i Barbuda
47%
Ameryka Północna Belize
43%
Ameryka Północna Barbados
41%
Ameryka Północna Bahamy
38%
Ameryka Północna Dominika
38%
Oceania Fidżi
38%
Afryka Botswana
37%
Afryka Benin
36%
Afryka Burkina Faso
30%
Oceania Nauru
30%
Azja Bahrajn
28%
Oceania Mikronezja
28%
Oceania Kiribati
27%
Nie znaleziono quizów pasujących do podanych kryteriów
Rozkład punktacji
Procent ludzi z każdym wynikiem
Percentyl według liczby udzielonych odpowiedzi
Twoja historia wyników
Nie rozwiązałeś tego quizu